Developing materials for language teaching
Saved in:
| Main Author: | |
|---|---|
| Format: | Book |
| Language: | English |
| Published: |
Continuum international publishing group Ltd.
2018
|
| Tags: |
Add Tag
No Tags, Be the first to tag this record!
|
MARC
| LEADER | 00000nam a22000007a 4500 | ||
|---|---|---|---|
| 008 | 210908b ||||| |||| 00| 0 eng d | ||
| 020 | |a 9781441186836 | ||
| 100 | |a TOMLINSON,Brian | ||
| 245 | |a Developing materials for language teaching |c Brian ,Tomlinson |g vii,561p.ill. | ||
| 260 | |b Continuum international publishing group Ltd. |c 2018 |d Book |h Great Britain |i 696988 |i 696989 |l P 53.15.T59 |m Language and Languages -study and teaching |m Teaching- Arts and devices | ||
| 500 | |a "It includes index" | ||
| 942 | |a lcc |c BK |e Olagoke,M.A. |f 09/09/2021 | ||
| 952 | |0 0 |1 0 |2 lcc |4 0 |7 0 |9 3469 |a HOL |b ED |c LP |d 2021-09-08 |o P53.15.T59 |p 2021-67192 |r 2021-09-08 00:00:00 |t 696988 |w 2021-09-08 |y BK | ||
| 952 | |0 0 |1 0 |2 lcc |4 0 |7 0 |9 3470 |a HOL |b HOL |c LP |d 2021-09-08 |o P53.15.T59 |p 2021-67193 |r 2021-09-08 00:00:00 |t 696989 |w 2021-09-08 |y BK | ||
| 999 | |c 1727 |d 1727 | ||